00329nam a2200121Ia 4500008004100000041000800041082001800049100002400067245004500091260003900136300002300175365000900198240624s9999 xx 000 0 und d aeng a658.3045 FOS  aFRANKEL MICHAEL E S aSCHMUCK IN MY OFFICE HOW TO DEAL EFFECTI c2017aNew YorkbSt. Martin's Press avi, 329 p.; 23 cm. cb38